अध्यापक और शिक्षण (Record no. 5404)
[ view plain ]
| 000 -LEADER | |
|---|---|
| fixed length control field | 01285 a2200241 4500 |
| 005 - DATE AND TIME OF LATEST TRANSACTION | |
| control field | 20080909122444.0 |
| 008 - FIXED-LENGTH DATA ELEMENTS--GENERAL INFORMATION | |
| fixed length control field | 080909t xxu||||| |||| 00| 0 hin d |
| 010 ## - LIBRARY OF CONGRESS CONTROL NUMBER | |
| LC control number | HIN-80291 |
| 020 ## - INTERNATIONAL STANDARD BOOK NUMBER | |
| Terms of availability | 200.00 |
| 035 ## - SYSTEM CONTROL NUMBER | |
| System control number | HN-52637 |
| 037 ## - SOURCE OF ACQUISITION | |
| Source of stock number/acquisition | D.B.Act / pub |
| 082 ## - DEWEY DECIMAL CLASSIFICATION NUMBER | |
| Classification number | 370.71 |
| 100 ## - MAIN ENTRY--PERSONAL NAME | |
| Personal name | शरण, एस. |
| 245 ## - TITLE STATEMENT | |
| Title | अध्यापक और शिक्षण |
| Statement of responsibility, etc | एस.शरण तथा प्रवीण कुमार बंद्रवाल |
| 246 ## - VARYING FORM OF TITLE | |
| Title proper/short title | Adhyapak aur Sikshan |
| Remainder of title | by S.Sharan&Parveen Kumar Bandrawal |
| 260 ## - PUBLICATION, DISTRIBUTION, ETC. (IMPRINT) | |
| Place of publication, distribution, etc | नई दिल्ली |
| Name of publisher, distributor, etc | ओरियंटल बुक्स |
| Date of publication, distribution, etc | 2006 |
| 270 ## - ADDRESS | |
| Address | 4760-61 द्वितीय तल,23,अंसारी रोड,दरियागंज |
| City | नई दिल्ली |
| Postal code | 110002 |
| 300 ## - PHYSICAL DESCRIPTION | |
| Extent | 240पृ |
| Dimensions | 22 सेमी(सजिल्द) |
| 500 ## - GENERAL NOTE | |
| General note | Same isbn n.8190362727 उत्तम आहार जीवन का आधार शीर्षक का। |
| 700 ## - ADDED ENTRY--PERSONAL NAME | |
| Personal name | बंद्रवाल, प्रवीण कुमार |
| 942 ## - ADDED ENTRY ELEMENTS (KOHA) | |
| Institution code [OBSOLETE] | dpl |
| Koha item type | Hindi Books |
| Call number prefix | 370.71 / शरण |
| Source of classification or shelving scheme | Dewey Decimal Classification |
| Classification part | 370.71 |
| Call number suffix | शरण |
| Withdrawn status | Lost status | Damaged status | Not for loan | Home library | Current library | Date acquired | Cost, normal purchase price | Total Checkouts | Full call number | Barcode | Date last seen | Copy number | Uniform Resource Identifier | Cost, replacement price | Price effective from | Koha item type |
|---|---|---|---|---|---|---|---|---|---|---|---|---|---|---|---|---|
| D.B.Act.Division | D.B.Act.Division | 09/09/2008 | 200.00 | 370.71 शरण | HN-52637 | 15/09/2008 | 1 | 5749 | 200.00 | 15/09/2008 | Hindi Books |
